| 000 | 02319 a2200433 4500 | ||
|---|---|---|---|
| 001 | 23688783 | ||
| 003 | 000 | ||
| 005 | 20251015150910.0 | ||
| 008 | 240513s2024 flu b 001 0 eng | ||
| 010 | _a 2024022079 | ||
| 020 | _a9781032587745 | ||
| 035 | _a23688783 | ||
| 040 |
_aDNLM/DLC _beng _erda _cDLC _dDLC |
||
| 042 | _apcc | ||
| 050 | 0 | 0 | _aRD 540 .G69 |
| 060 | 0 | 0 | _aWI 141 |
| 082 | 0 | 0 |
_a617.5/5075 _223/eng/20240628 |
| 100 | 1 |
_aGoyal, Swati, _eauthor. |
|
| 245 | 1 | 0 |
_aRadiology of the abdomen and pelvis : _ba case-based guide / _cSwati Goyal. |
| 263 | _a2408 | ||
| 264 | 1 |
_aBoca Raton : _bCRC Press, _c2025. |
|
| 300 | _axvi, 239p. ill. | ||
| 336 |
_atext _btxt _2rdacontent |
||
| 337 |
_aunmediated _bn _2rdamedia |
||
| 338 |
_avolume _bnc _2rdacarrier |
||
| 504 | _aIncludes bibliographical references and index. | ||
| 505 | 0 | _aHepatobiliary-lieno-pancreatic system -- Gastrointestinal tract -- Urinary system -- Adrenal glands -- Female pelvic system (uterus and ovaries) -- Male pelvic system -- Aorta and IVC -- Diaphragm, peritoneum, retroperitoneum & anterior abdominal wall -- Abdominal tuberculosis & role of AI in abdominopelvic radiology -- Image-based MCQs. | |
| 520 |
_a"A succinct account of various routinely experienced pathologies and suitable images has been enlisted as approximately 150 case studies. The cases are structured into thematic chapters with an integrated approach to basic learning. Each case study follows a similar format with a brief clinical presentation, relevant imaging findings, discussion with differential diagnosis, management, and suggested readings. The book focuses on the pointwise description of cases routinely encountered in abdominopelvic imaging that help students, trainees and radiologists to write certificate examinations"-- _cProvided by publisher. |
||
| 650 | 1 | 2 |
_aAbdomen _xdiagnostic imaging |
| 650 | 1 | 2 |
_aPelvis _xdiagnostic imaging |
| 650 | 2 | 2 |
_aAbdomen _xpathology |
| 650 | 2 | 2 |
_aPelvis _xpathology |
| 650 | 2 | 2 |
_aRadiology _xmethods |
| 655 | 2 | _aCase Reports | |
| 776 | 0 | 8 |
_iOnline version: _aGoyal, Swati. _tRadiology of the abdomen and pelvis _bFirst edition. _dBoca Raton : CRC Press, 2024 _z9781003452034 _w(DLC) 2024022080 |
| 906 |
_a7 _bcbc _corignew _d1 _eecip _f20 _gy-gencatlg |
||
| 942 |
_2lcc _cBK |
||
| 999 |
_c43809 _d43809 |
||